Представление документа в формате RUSMARC

Поле Инд. ПП Название Значение
Тип записи a
Библиографический уровень m
001 Контрольный номер 949f9a3563f741f080aece2f6329355e
005 Дата корректировки 20210728161450.5
100 a Данные общей обработки 20190206 ||| 0rusy0189 ca
101 0_ a Язык текста rus
102 a Страна публикации RU
200 1_ a Заглавие № 7
b Общее обозначение материала Текст
210 1_ d Дата издания 2019
300 a Общие примечания Режим доступа: Читальный зал
461 _0 1 2000
a Арбитражный и гражданский процесс
v № 7
1 203
a Текст : непосредственный
1 0011117425242574f72a235213becb497ea
801 _0 a Страна RU
b Организация РГУП
c Дата составления 20190206
g Правила каталогизации PSBO
801 _1 a Страна RU
b Организация РГУП
c Дата составления 20190206
g Правила каталогизации PSBO
901 t Тип документа s
w Контрольный № источника 1117425242574f72a235213becb497ea
905 a Дата ввода 20190206